000 00424nam a2200157Ia 4500
008 231217s9999 xx 000 0 und d
041 _aEnglish
082 _a001.6404 HAL;33
100 _aHall, Douglas V.
245 0 _aMicroprocessors and interfacing : programming and hardware
250 _a2nd ed.
260 _c1992
_bNew Delhi : TMH,
300 _axiv+624
650 _aMicroprocessorsInterfacing
942 _cAA
999 _c167104
_d167104